1183 1394 1474 1533 1856 1354 1049 1749 1453 1293 1299 1906 1692 1817 1020 1050 1688 1134 1802 1036 1884 1150 1951 1488 1850 1405 1336 1615 1041 1863 1382 1266 1358 1231 1068 1818 1658 1886 1867 1012 1153 1865 1730 1517 1912 1834 1293 1364 1501 1811 1864 1522 1596 1130 1780 1179 1561 1422 1523 1062 1319 1728 1997 1263 1687 1067 1703 1071 1996 1762 1345 1708 1985 1197 1068 1943 1155 2000 1762 1650 1337 2000 1306 1338 1273 1077 1041 1525 1916 1534 1981 1372 1146 1289 1635 1357 1657 1012 1427 BCNSPRNW ULIB Ver.6.0+V

เปลี่ยนเป็นภาษาไทย

Change to English
 แสดงรายละเอียดบรรณานุกรม
  กลับหน้าหลัก

Brief Record : Get Marc (ISO 2709) : E-mail record : QR code < ปิดหน้าต่าง
LEADER : 00000nam 2200000uu 4500
001    13399120124
003     ULIB
008    120904s2552||||th 000 0 tha d
020    ^a9744655593
020    ^a9789744655592
041 0  ^atha
060 04 ^aWY157.3^bด153ก
100 0  ^aดวงกมล ปิ่นเฉลียว
245 10 ^aการพยาบาลมารดาที่ได้รับการผ่าตัดคลอดทางหน้าท้องการคลอดโดยใช้คีมและเครื่องดูดสูญญากาศ /^cดวงกมล ปิ่นเฉลี่ยว
250    ^aพิมพ์ครั้งที่ 3
260    ^aนนทบุรี :^bโครงการสวัสดิการวิชาการ สถาบันพระบรมราชชนก,^c2552
300    ^a164 หน้า :^bภาพประกอบ ;^c27 ซม.
650  7 ^aการคลอด
650  7 ^aการผ่าท้องคลอด
650  7 ^aการพยาบาลสูติศาสตร์
710 2  ^aโครงการสวัสดิ์การวิชาการ สบช.
945    ^p150^l0^i19420
945    ^p150^l0^i19421
945    ^p150^l0^i19422
945    ^p150^l0^i19423
945    ^p150^l0^i19424
945    ^p150^l0^i13164
995    ^aวิภา
999 ^a ใช้งานได้ทุกระบบ
รายการนี้ยังไม่มีแท็ก
คุณยังไม่ได้ล็อกอิน คุณสามารถมีกิจกรรมร่วมกับเว็บไซต์ได้ แต่ต้องล็อกอินก่อน ::
  ล็อกอิน

รายการสื่อสารสนเทศ

ลำดับที่ ประเภท เลขเรียก/บาร์โค้ด สถานที่ สถานะ
1. Book การพยาบาล
Book การพยาบาล
WY157.3 ด153ก ฉ.6 
  Barcode: 13164
ห้องสมุดวิทยาเขตนครสวรรค์
►หนังสือทั่วไป:l:General Books
บนชั้น

รายการใกล้เคียง
    ผู้แต่ง [ดวงกมล ปิ่นเฉลียว]

    หัวเรื่อง [การคลอด]
    หัวเรื่อง [การผ่าท้องคลอด]
    หัวเรื่อง [การพยาบาลสูติศาสตร์]

BibComment


ยังไม่เคยถูกคอมเมนท์

คอมเมนท์ทรัพยากรรายการนี้
  คอมเมนท์: การพยาบาลมารดาที..


 Copyright 2026. Bcnsprnw @Library